00672nam a2200157 a 450000100100000000500170001000800410002702000180006804000250008610000310011124501240014226001570026630000200042370000240044371000470046700004049320201002034152.0130821s2010 mx 000 0 spa d a9786070220241 aDO-SdBNPbspacBNPHU1 aReyes, Alfonso,d1890-195913aFastos de maratón :bdiscurso de ingreso a la Academia Mexicana de la Lengua, 23 de octubre de 1918 /cAlfonso Reyes. aMéxico :bUniversiad Nacional Autónoma de México. Dirección General de Publicaciones y Fomento EditorialbAcademia Mexicana de la Lengua,c2010. a56 p. ;c18 cm.1 aTorres Bodet, Jaime2 aUniversiad Nacional Autónoma de México